Państwa wchodzące w skład Imperium Holenderskiego - Statystyki

Ogólne statystyki
  • Ten quiz został rozwiązany 35 razy
  • Średni wynik to 10 z 16
Statystyki odpowiedzi
Podpowiedź
(kontynent)
Odpowiedź
(kraj)
% Poprawnych
Europa Belgia
96%
Europa Holandia
96%
Azja Indonezja
96%
Europa Luksemburg
91%
*Ameryka Płd.* Brazylia
87%
Ameryka Płd. Gujana
74%
*Ameryka Płn.* Stany Zjednoczone
74%
Ameryka Płd. Surinam
74%
Ameryka Płd.* Gujana Francuska (Francja)
65%
*Azja* Malezja
65%
*Azja* Indie
57%
*Afryka* Republika Południowej Afryki
57%
Azja Sri Lanka
43%
Azja Tajwan
35%
*Afryka* Ghana
26%
*Afryka* Wybrzeże Kości Słoniowej
13%
Nie znaleziono quizów pasujących do podanych kryteriów
Rozkład punktacji
Procent ludzi z każdym wynikiem
Percentyl według liczby udzielonych odpowiedzi
Twoja historia wyników
Nie rozwiązałeś tego quizu